[Event "Titled Tuesday intern op 16th Apr Early"]
[Site "Chess.com INT"]
[Date "2024.04.16"]
[Round "4"]
[White "Indjic, Aleksandar"]
[Black "Goncharov, Vladimir"]
[Result "0-1"]
[WhiteElo "2600"]
[BlackElo "2077"]
[PlyCount "92"]
[EventDate "2024.04.16"]
[EventType "swiss (blitz)"]
[EventRounds "11"]
[EventCountry "USA"]
[SourceTitle "CB17_2024"]
[SourceDate "2024.04.24"]
[SourceVersion "1"]
[SourceVersionDate "2024.04.24"]
[SourceQuality "1"]

1. e4 e6 2. d3 c5 3. Nd2 Nc6 4. g3 g6 5. Bg2 Bg7 6. f4 d6 7. Nh3 Nge7 8. c3 Rb8 9. Nf3 b5 10. d4 cxd4 11. cxd4 d5 12. e5 h5 13. Nhg1 Nf5 14. Ne2 b4 15. Bh3 Nh6 16. b3 Ba6 17. Be3 Bb5 18. Rc1 a5 19. 0-0 Bf8 20. Rf2 Be7 21. Qd2 a4 22. Ng5 Nf5 23. Bxf5 gxf5 24. Qd1 axb3 25. axb3 Kf8 26. Kg2 Kg7 27. Ng1 Qd7 28. Rfc2 Rbc8 29. N1h3 Ba6 30. Nf2 Na5 31. Rxc8 Bxc8 32. Ra1 Nc6 33. h3 Bb7 34. g4 hxg4 35. hxg4 Bxg5 36. fxg5 Nxe5 37. gxf5 exf5 38. dxe5 d4+ 39. Kg3 Qd5 40. Bxd4 Qg2+ 41. Kf4 Rh4+ 42. Ke3 Qg3+ 43. Ke2 Bf3+ 44. Ke1 Qg1+ 45. Kd2 Rxd4+ 46. Ke3 Rxd1 0-1

[Event "Titled Tuesday intern op 02nd Apr Late"]
[Site "Chess.com INT"]
[Date "2024.04.02"]
[Round "8"]
[White "Goncharov, Vladimir"]
[Black "Grabinsky, Vladimir"]
[Result "1-0"]
[WhiteElo "2077"]
[BlackElo "2192"]
[PlyCount "55"]
[EventDate "2024.04.02"]
[EventType "swiss (blitz)"]
[EventRounds "11"]
[EventCountry "USA"]
[SourceTitle "CB15_2024"]
[SourceDate "2024.04.10"]
[SourceVersion "1"]
[SourceVersionDate "2024.04.10"]
[SourceQuality "1"]

1. d4 Nf6 2. c4 e6 3. Nc3 Bb4 4. e3 Bxc3+ 5. bxc3 c5 6. Bd3 Nc6 7. Ne2 e5 8. d5 e4 9. Bc2 Ne5 10. Ng3 Nxc4 11. Nxe4 d6 12. Ng3 0-0 13. 0-0 Ne5 14. h3 Re8 15. f4 Nc4 16. e4 h5 17. e5 h4 18. exf6 hxg3 19. Qd3 Qxf6 20. Qxc4 Bf5 21. Bxf5 Qxf5 22. Ba3 Re4 23. Qd3 Rae8 24. Qxg3 Re2 25. Rae1 Qxd5 26. Rxe2 Rxe2 27. Bc1 Qxa2 28. f5 1-0

[Event "Titled Tuesday intern op 02nd Apr Late"]
[Site "Chess.com INT"]
[Date "2024.04.02"]
[Round "1"]
[White "Novikova, Margarita"]
[Black "Goncharov, Vladimir"]
[Result "0-1"]
[WhiteElo "1999"]
[BlackElo "2077"]
[PlyCount "110"]
[EventDate "2024.04.02"]
[EventType "swiss (blitz)"]
[EventRounds "11"]
[EventCountry "USA"]
[SourceTitle "CB15_2024"]
[SourceDate "2024.04.10"]
[SourceVersion "1"]
[SourceVersionDate "2024.04.10"]
[SourceQuality "1"]

1. e4 e6 2. d4 d5 3. Nd2 c5 4. exd5 Qxd5 5. Bb5+ Bd7 6. Bxd7+ Nxd7 7. Qf3 Ngf6 8. c4 Qxf3 9. Ngxf3 cxd4 10. Nxd4 a6 11. 0-0 Rc8 12. b3 Bb4 13. N2f3 Bc3 14. Rb1 0-0 15. Bb2 Bxb2 16. Rxb2 Nc5 17. Rd2 Rfd8 18. Rdd1 Nce4 19. Rc1 Nc5 20. h3 Nfd7 21. Rcd1 g6 22. Rfe1 Kf8 23. Kf1 Nb8 24. Ng5 h6 25. Ngf3 Ke7 26. Ne5 Nbd7 27. Ndf3 Nxe5 28. Nxe5 Nd7 29. Nf3 b5 30. cxb5 axb5 31. Rc1 Rxc1 32. Rxc1 Ra8 33. Nd4 Rxa2 34. Nxb5 Ne5 35. Rc3 f5 36. g3 g5 37. Nd4 g4 38. h4 Kf6 39. Re3 Rb2 40. Rc3 Rb1+ 41. Kg2 h5 42. Re3 Rb2 43. Rc3 Rd2 44. Nc6 Nf3 45. Rc1 Rb2 46. b4 e5 47. Kf1 f4 48. gxf4 exf4 49. Rd1 Nd2+ 50. Kg2 Ne4 51. Rf1 g3 52. Kf3 Rxf2+ 53. Rxf2 Nxf2 54. Kg2 Ng4 55. Nd4 Ne3+ 0-1

[Event "Titled Tuesday intern op 13th Feb Early"]
[Site "Chess.com INT"]
[Date "2024.02.13"]
[Round "8"]
[White "Gutkin, Ilya"]
[Black "Goncharov, Vladimir"]
[Result "0-1"]
[WhiteElo "2300"]
[BlackElo "2077"]
[PlyCount "140"]
[EventDate "2024.02.13"]
[EventType "swiss (blitz)"]
[EventRounds "11"]
[EventCountry "USA"]
[SourceTitle "CB08_2024"]
[SourceDate "2024.02.21"]
[SourceVersion "1"]
[SourceVersionDate "2024.02.21"]
[SourceQuality "1"]

1. Nf3 Nf6 2. g3 c5 3. Bg2 Nc6 4. c4 d6 5. d4 cxd4 6. Nxd4 Bd7 7. 0-0 Nxd4 8. Qxd4 Bc6 9. Nc3 Bxg2 10. Kxg2 a6 11. Bg5 Rc8 12. Bxf6 gxf6 13. Rad1 Bg7 14. Qg4 0-0 15. b3 b5 16. Nd5 bxc4 17. bxc4 e6 18. Ne3 f5 19. Qh5 Rc6 20. Qf3 Rc5 21. Kh1 Qc7 22. Rg1 Qc6 23. Qxc6 Rxc6 24. Rd2 Rb8 25. Rgd1 Bf8 26. Kg2 Rb4 27. Rd3 Ra4 28. R1d2 Bh6 29. f4 Bf8 30. Rb3 Kg7 31. Kf3 Ra5 32. Rdb2 Be7 33. Rb7 Bf6 34. Rd2 Ra3 35. Kf2 Rc3 36. Rd7 Ra3 37. h3 h5 38. Rb7 Ra4 39. Rb3 Bd8 40. c5 d5 41. Rc2 Be7 42. Rb6 Rxc5 43. Rcb2 Rc3 44. R6b3 Rc1 45. Nc2 Bc5+ 46. e3 Rc4 47. Ne1 R1c3 48. Nd3 d4 49. Nxc5 dxe3+ 50. Ke2 Rxc5 51. Rxc3 Rxc3 52. Rb3 Rc2+ 53. Kxe3 Rxa2 54. Kf3 a5 55. Rb7 a4 56. Ra7 Kf6 57. Ra5 Ke7 58. Ra7+ Kf6 59. Ra5 a3 60. Ra6 Ra1 61. Ra7 h4 62. gxh4 a2 63. Kg2 Kg6 64. Ra5 Kh5 65. Ra4 Kxh4 66. Ra5 Kh5 67. Ra4 Kg6 68. Ra5 f6 69. Ra6 Kh5 70. Ra5 e5 0-1

[Event "Titled Tuesday intern op 06th Feb Early"]
[Site "Chess.com INT"]
[Date "2024.02.06"]
[Round "2"]
[White "Goncharov, Vladimir"]
[Black "Salem, AR Saleh"]
[Result "0-1"]
[WhiteElo "2077"]
[BlackElo "2629"]
[PlyCount "52"]
[EventDate "2024.02.06"]
[EventType "swiss (blitz)"]
[EventRounds "11"]
[EventCountry "USA"]
[SourceTitle "CB07_2024"]
[SourceDate "2024.02.14"]
[SourceVersion "1"]
[SourceVersionDate "2024.02.14"]
[SourceQuality "1"]

1. d4 Nf6 2. c4 g6 3. Nc3 Bg7 4. Nf3 0-0 5. Bg5 h6 6. Bh4 c5 7. e3 cxd4 8. Nxd4 Nc6 9. Be2 Qb6 10. Nb3 d6 11. Bxf6 exf6 12. 0-0 f5 13. Rc1 Be6 14. Qxd6 Rfd8 15. Qc5 Nb4 16. Rfd1 Rxd1+ 17. Rxd1 Nxa2 18. Qxb6 axb6 19. Nd5 Bxb2 20. Nc7 Ra3 21. Nxe6 fxe6 22. Rd8+ Kf7 23. Nd4 Bxd4 24. exd4 Nc3 25. Bf1 Ra1 26. Rd7+ Ke8 0-1

[Event "Titled Tuesday intern op 16th Jan Early"]
[Site "Chess.com INT"]
[Date "2024.01.16"]
[Round "3"]
[White "Goncharov, Vladimir"]
[Black "Zilleruelo Irizarry, Diego"]
[Result "1-0"]
[WhiteElo "2077"]
[BlackElo "2052"]
[PlyCount "51"]
[EventDate "2024.01.16"]
[EventType "swiss (blitz)"]
[EventRounds "11"]
[EventCountry "USA"]
[SourceTitle "CB04_2024"]
[SourceDate "2023.10.16"]
[SourceVersion "1"]
[SourceVersionDate "2023.10.16"]
[SourceQuality "1"]

1. d4 Nf6 2. c4 g6 3. Nc3 d5 4. cxd5 Nxd5 5. e4 Nxc3 6. bxc3 Bg7 7. Bc4 c5 8. Ne2 0-0 9. 0-0 Nc6 10. Be3 Bg4 11. f3 Bd7 12. dxc5 Ne5 13. Bd5 Bb5 14. Rb1 Qa5 15. Bxb7 Rad8 16. Bd4 Nxf3+ 17. Rxf3 e5 18. Bd5 Bxe2 19. Qxe2 exd4 20. c4 Qxc5 21. Kh1 Bh6 22. Rb7 Kh8 23. Rbxf7 Rxf7 24. Rxf7 Rf8 25. Qf3 Qb4 26. Qf6+ 1-0

[Event "Titled Tuesday intern op 16th Jan Early"]
[Site "Chess.com INT"]
[Date "2024.01.16"]
[Round "2"]
[White "Norowitz, Yaacov"]
[Black "Goncharov, Vladimir"]
[Result "1-0"]
[WhiteElo "2402"]
[BlackElo "2077"]
[PlyCount "97"]
[EventDate "2024.01.16"]
[EventType "swiss (blitz)"]
[EventRounds "11"]
[EventCountry "USA"]
[SourceTitle "CB04_2024"]
[SourceDate "2023.10.16"]
[SourceVersion "1"]
[SourceVersionDate "2023.10.16"]
[SourceQuality "1"]

1. d4 Nf6 2. Bg5 e6 3. e3 c5 4. c3 b6 5. Nd2 Bb7 6. f4 Be7 7. Bxf6 Bxf6 8. Ngf3 a6 9. a4 Qc7 10. Rc1 0-0 11. Bd3 g6 12. 0-0 Bg7 13. Qe1 d6 14. Qh4 Nc6 15. Ne4 Qd8 16. Qh3 Bc8 17. Qg3 Ne7 18. Qf2 Nd5 19. Qd2 Qc7 20. Neg5 c4 21. Bc2 b5 22. e4 Ne7 23. e5 d5 24. Qf2 Bd7 25. axb5 axb5 26. h4 h5 27. Ra1 Qb7 28. g4 hxg4 29. Nh2 Rxa1 30. Rxa1 Ra8 31. Rb1 b4 32. Nxg4 Kf8 33. Nf6 Bxf6 34. exf6 Ng8 35. h5 Nxf6 36. h6 Ke7 37. Qh4 Rh8 38. Kg2 Qa7 39. Re1 Qa2 40. Re2 Qxb2 41. f5 gxf5 42. Kf2 Qxc3 43. Bxf5 b3 44. Bxe6 fxe6 45. Re3 Qd2+ 46. Re2 Qc2 47. Rxc2 bxc2 48. Qf4 Rxh6 49. Nf3 1-0

[Event "Titled Tuesday intern op 19th Dec Early"]
[Site "Chess.com INT"]
[Date "2023.12.19"]
[Round "2"]
[White "Vigoa Apecheche, Yanira"]
[Black "Goncharov, Vladimir"]
[Result "1-0"]
[WhiteElo "2232"]
[BlackElo "2077"]
[PlyCount "139"]
[EventDate "2023.12.19"]
[EventType "swiss (blitz)"]
[EventRounds "11"]
[EventCountry "USA"]
[SourceTitle "CB52_2023"]
[SourceDate "2023.12.27"]
[SourceVersion "1"]
[SourceVersionDate "2023.12.27"]
[SourceQuality "1"]

1. d4 Nf6 2. Bg5 e6 3. Nd2 d5 4. e3 Be7 5. Bd3 b6 6. Qe2 a6 7. Ngf3 Bb7 8. Ne5 Nbd7 9. 0-0 0-0 10. f4 Ne4 11. Bxe7 Qxe7 12. Rad1 f5 13. Nxd7 Qxd7 14. Bxe4 fxe4 15. c3 a5 16. c4 a4 17. Qg4 g6 18. Rf2 b5 19. c5 b4 20. Nf1 Ba6 21. h4 Qf7 22. Ng3 Kh8 23. Rdd2 h5 24. Qg5 Kh7 25. Kh2 Bd3 26. Rd1 Rg8 27. Qe5 Raf8 28. c6 Qe7 29. Qg5 Qe8 30. Rc1 Rg7 31. Rc5 Qe7 32. Qxe7 Rxe7 33. Ra5 Rb8 34. Rxa4 Rb6 35. Rd2 Re8 36. Nh1 Reb8 37. Nf2 Ba6 38. Rc2 Kg7 39. Rc5 Kf6 40. g4 Ke7 41. Kg3 Kd6 42. Raa5 Be2 43. f5 gxf5 44. gxf5 Rg8+ 45. Kf4 Rxc6 46. Rxc6+ Kxc6 47. Ke5 exf5 48. Nh3 Re8+ 49. Kf6 Rf8+ 50. Ke5 f4 51. Nxf4 Bg4 52. Ra6+ Kb5 53. Rf6 Rxf6 54. Kxf6 Kc4 55. Ke5 c5 56. dxc5 d4 57. exd4 e3 58. c6 Kb5 59. d5 Kb6 60. Kd6 e2 61. Nxe2 Bxe2 62. a3 bxa3 63. bxa3 Bf3 64. Ke5 Kc7 65. Kd4 Be2 66. Kc5 Bf1 67. d6+ Kc8 68. Kb6 Bg2 69. a4 Bf1 70. a5 1-0

[Event "Titled Tuesday intern op 12th Dec Early"]
[Site "Chess.com INT"]
[Date "2023.12.12"]
[Round "2"]
[White "Matveeva, Olga"]
[Black "Goncharov, Vladimir"]
[Result "1-0"]
[WhiteElo "2156"]
[BlackElo "2077"]
[PlyCount "89"]
[EventDate "2023.12.12"]
[EventType "swiss (blitz)"]
[EventRounds "11"]
[EventCountry "USA"]
[SourceTitle "CB51_2023"]
[SourceDate "2023.12.20"]
[SourceVersion "1"]
[SourceVersionDate "2023.12.20"]
[SourceQuality "1"]

1. d4 Nf6 2. c4 e6 3. g3 d5 4. Nf3 Be7 5. Bg2 a6 6. Qc2 0-0 7. 0-0 dxc4 8. a4 Nc6 9. Qxc4 Nb4 10. Bf4 Nfd5 11. Nc3 Nxf4 12. gxf4 Nd5 13. e3 c6 14. Ne5 Kh8 15. Kh1 f6 16. Nd3 Bd7 17. Rg1 b5 18. Qb3 Qe8 19. Ne4 Qh5 20. Ndc5 Bxc5 21. Nxc5 Bc8 22. axb5 cxb5 23. Be4 Ra7 24. Rg3 Rc7 25. Rag1 Rd8 26. Bf3 Qe8 27. Be4 f5 28. Bf3 Nf6 29. Rh3 a5 30. Qc2 b4 31. Qe2 Rd6 32. Rh4 a4 33. Ra1 Ra7 34. Rh3 a3 35. bxa3 bxa3 36. Rg3 Qd8 37. Rgg1 Rb6 38. Qd3 Qc7 39. Rxa3 Rxa3 40. Qxa3 h6 41. Ra1 Kh7 42. Qa8 Rb2 43. Kg2 Ng4 44. Bxg4 fxg4 45. Qe4+ 1-0

[Event "Titled Tuesday intern op 14th Nov Early"]
[Site "Chess.com INT"]
[Date "2023.11.14"]
[Round "2"]
[White "Baskakov, Egor"]
[Black "Goncharov, Vladimir"]
[Result "1-0"]
[WhiteElo "2215"]
[BlackElo "2077"]
[PlyCount "115"]
[EventDate "2023.11.14"]
[EventType "swiss (blitz)"]
[EventRounds "11"]
[EventCountry "USA"]
[SourceTitle "CB47_2023"]
[SourceDate "2023.11.22"]
[SourceVersion "1"]
[SourceVersionDate "2023.11.22"]
[SourceQuality "1"]

1. e4 e6 2. Nc3 d6 3. g3 d5 4. Bg2 Nf6 5. Nge2 dxe4 6. Nxe4 Nxe4 7. Bxe4 Nd7 8. 0-0 Nf6 9. Bg2 h5 10. h3 e5 11. d3 Be7 12. d4 exd4 13. Nxd4 c6 14. c3 g6 15. Re1 0-0 16. Qc2 Nd5 17. Ne6 Bxe6 18. Rxe6 Bf6 19. Bh6 Bg7 20. Bxg7 Kxg7 21. Re5 Nf6 22. Rae1 Qd6 23. Qb3 b5 24. c4 h4 25. g4 bxc4 26. Qxc4 Rac8 27. Qc3 Kg8 28. Re7 Nd5 29. Qd4 Qb8 30. Rd7 Rcd8 31. Qxa7 Qxb2 32. Rxd8 Rxd8 33. Bxd5 cxd5 34. a4 d4 35. Qe7 Qb8 36. Rd1 d3 37. Qxh4 d2 38. Qg5 Qd6 39. a5 Rd7 40. a6 Qxa6 41. Rxd2 Rxd2 42. Qxd2 Qa1+ 43. Kg2 Qe5 44. Qd8+ Kg7 45. Qd3 Kg8 46. Qf3 Kg7 47. Qg3 Qe4+ 48. Kh2 Kg8 49. h4 Qe2 50. Kg2 Kg7 51. Qf4 Kg8 52. Kg3 Qd3+ 53. f3 Qf1 54. Qe3 Qb5 55. Kh3 Qf1+ 56. Kg3 Qb5 57. Qf2 Qc4 58. Kg2 1-0

[Event "Titled Tuesday intern op 14th Nov Early"]
[Site "Chess.com INT"]
[Date "2023.11.14"]
[Round "6"]
[White "Goncharov, Vladimir"]
[Black "Zimmermann, Ulrich"]
[Result "0-1"]
[WhiteElo "2077"]
[BlackElo "2280"]
[PlyCount "88"]
[EventDate "2023.11.14"]
[EventType "swiss (blitz)"]
[EventRounds "11"]
[EventCountry "USA"]
[SourceTitle "CB47_2023"]
[SourceDate "2023.11.22"]
[SourceVersion "1"]
[SourceVersionDate "2023.11.22"]
[SourceQuality "1"]

1. d4 Nf6 2. c4 e6 3. Nc3 d5 4. cxd5 exd5 5. Bg5 c6 6. e3 Be7 7. Bd3 Nbd7 8. Nge2 0-0 9. 0-0 Re8 10. a3 a5 11. Rb1 b5 12. Rc1 Nb6 13. Bxf6 Bxf6 14. e4 dxe4 15. Nxe4 Nc4 16. Nxf6+ Qxf6 17. Bxc4 bxc4 18. Nc3 Bf5 19. Qf3 Bd3 20. Qxf6 gxf6 21. Rfd1 Rad8 22. b3 Rxd4 23. bxc4 Red8 24. c5 Bg6 25. Kf1 Kf8 26. Ke2 Re8+ 27. Kf1 Rc4 28. Ne2 Rxc1 29. Nxc1 Re5 30. Nb3 a4 31. Nd4 Rxc5 32. Ke2 Rc3 33. Rd2 c5 34. Nb5 Rb3 35. Nc7 Rxa3 36. Rd8+ Ke7 37. Ra8 Ra1 38. Ra7 Kd6 39. Nb5+ Kc6 40. Nc3 a3 41. Ra6+ Kb7 42. Ra5 c4 43. Ke3 Bc2 44. Kd4 Bb3 0-1

[Event "Titled Tuesday intern op 26th Sep Early"]
[Site "Chess.com INT"]
[Date "2023.09.26"]
[Round "9"]
[White "Goncharov, Vladimir"]
[Black "Akkarakaran, John Veny"]
[Result "1-0"]
[WhiteElo "2077"]
[BlackElo "2112"]
[PlyCount "133"]
[EventDate "2023.09.26"]
[EventType "swiss (blitz)"]
[EventRounds "11"]
[EventCountry "USA"]
[SourceTitle "EXT 2024"]
[Source "ChessBase"]
[SourceDate "2023.10.10"]
[SourceVersion "1"]
[SourceVersionDate "2023.10.10"]
[SourceQuality "1"]

1. d4 e6 2. c4 Nf6 3. Nc3 Bb4 4. e3 0-0 5. Bd3 b6 6. Nge2 d5 7. 0-0 Bb7 8. cxd5 exd5 9. h3 a6 10. a3 Bd6 11. b4 Re8 12. Bb2 Nbd7 13. Rc1 Nf8 14. Qd2 Ng6 15. Bb1 Bc8 16. f3 Bb7 17. Rce1 Qd7 18. Nc1 Bg3 19. Re2 Re7 20. f4 Rae8 21. Nd3 Ne4 22. Nxe4 dxe4 23. Ne5 Qd5 24. Bc3 Qd8 25. Qc1 Bd5 26. Be1 Bxe1 27. Rfxe1 f6 28. Nxg6 hxg6 29. Ba2 Bxa2 30. Rxa2 Qd5 31. Rc2 Rc8 32. Rc6 Qb5 33. Qc4+ Qxc4 34. Rxc4 Kf7 35. Rec1 Ke8 36. a4 Kd7 37. a5 bxa5 38. bxa5 Re6 39. Rc5 Rd6 40. Kf2 c6 41. Rb1 Rd5 42. Rb6 Rxc5 43. dxc5 Ke6 44. Rxa6 Kd5 45. Ra7 Kxc5 46. Rxg7 Kb5 47. Rxg6 c5 48. Ke2 Rd8 49. Rxf6 c4 50. a6 c3 51. a7 c2 52. a8Q c1N+ 53. Kf2 Rxa8 54. g4 Ra2+ 55. Kg3 Re2 56. g5 Rxe3+ 57. Kg4 Re1 58. g6 Rg1+ 59. Kf5 e3 60. Re6 e2 61. h4 e1Q 62. Rxe1 Rxe1 63. h5 Ne2 64. g7 Nd4+ 65. Kf6 Rg1 66. h6 Kc6 67. h7 1-0